| 000 | 01368cam a2200241 4500 | ||
|---|---|---|---|
| 001 | WB3824-23 | ||
| 008 | 020703n2002 000 0 eng u | ||
| 035 | _a(Sirsi) u118665 | ||
| 245 | _aHome surveys explained | ||
| 260 | _c2002 | ||
| 490 |
_aRICS Press Release _v(pro080) 2 July 2002, (2) |
||
| 490 |
_aWhich? Press Release _v4 July 2002, (2) |
||
| 520 | _aRICS has published a new leaflet outlining the facts on home surveys in response to a "Which?" report, "Surveys that don't give you the hole picture". "Understanding property surveys" is aimed at homebuyers and explains the different types of surveys available, what to expect from a survey and a survey report, the difference between a valuation and a survey, and the complaints procedure. Leaflet available free of charge from RICS Contact Centre, t +44 (0)870 3331600 or at http://www.rics.org/public/surveys.html "Which?" report available from Martin Chapman on +44(0)20 7770 7373. http://www.rics.org/ricscms/bin/show?class=PressRelease&template=/includes/showpr.html&id=760 http://www.which.net/whatsnew/pr/jul02/which/surveyor.html | ||
| 590 | _aWB | ||
| 650 | _aRICS | ||
| 650 | _aWHICH? | ||
| 650 | _aRESIDENTIAL SURVEYS | ||
| 650 |
_aValuation _96273 |
||
| 650 | _aHOMEBUYERS | ||
| 650 |
_aSurvey reports _96270 |
||
| 690 | _aPROPERTY AND LAND LAW-AGENCY-RESIDENTIAL | ||
| 942 | _n0 | ||
| 999 |
_c70667 _d70667 |
||